000 00396nam a2200157Ia 4500
008 241228s9999 xx 000 0 und d
020 _a9781032266817
082 _a910.285 WAN/C
100 _aWang, Fahui
245 0 _aComputational methods and GIS applications in social science
260 _aBoca Raton,
260 _bCRC Press,
260 _c2024
300 _axxvi, 413p.
942 _cBK
999 _c40127
_d40127